Sports Quiz

Random Sports or NFL Quiz
Score 0/100 Timer 15:00
51 Plays Today
Rank Player % Correct
1Tom Brady
99.2%
2Antonio Brown
96.8%
4Julio Jones
96.1%
8Drew Brees
95.7%
3Carson Wentz
95.4%
10Aaron Rodgers
95.2%
11Russell Wilson
94.4%
5Le'Veon Bell
94.3%
6Todd Gurley II
93.6%
15Rob Gronkowski
92.4%
28Chandler Jones
92.1%
9Von Miller
91.2%
25Cam Newton
89.5%
7Aaron Donald
89.1%
13DeAndre Hopkins
88.5%
29Matt Ryan
88.4%
31Matthew Stafford
87%
22A.J. Green
86.7%
20Alvin Kamara
86.1%
38Jared Goff
85.6%
16Khalil Mack
85.2%
24Travis Kelce
85.1%
84J.J. Watt
84.5%
27Larry Fitzgerald
84.5%
18Ben Roethlisberger
83%
40Tyreek Hill
82.3%
33Kareem Hunt
81.9%
30LeSean McCoy
81.8%
17Jalen Ramsey
81.7%
12Luke Kuechly
81.5%
42Earl Thomas III
81.2%
56Philip Rivers
81.1%
50Deshaun Watson
80.9%
81Michael Thomas
80.8%
Rank Player % Correct
79Marcus Peters
80.5%
43Mark Ingram II
79.9%
60Derek Carr
79.6%
23Patrick Peterson
79.5%
77Odell Beckham Jr.
78.4%
76Melvin Ingram
77.8%
46Harrison Smith
77.6%
65Stefon Diggs
77.5%
39Tyron Smith
77.4%
67Telvin Smith
77.1%
36Adam Thielen
76.1%
54Ezekiel Elliott
75.8%
41Keenan Allen
74.8%
68Zach Ertz
73.6%
32Jadeveon Clowney
73.3%
45Davante Adams
73.2%
94Kirk Cousins
71.9%
58Leonard Fournette
71.3%
70Devonta Freeman
69.1%
52Jarvis Landry
69%
37Joey Bosa
68.8%
51Case Keenum
68.4%
64Richard Sherman
67.4%
21Bobby Wagner
66.7%
61Ndamukong Suh
65.4%
14Calais Campbell
65%
99Doug Baldwin
63.2%
89Jimmy Graham
61.5%
26Cameron Jordan
59.4%
53Aqib Talib
59.2%
72Delanie Walker
57%
49Darius Slay Jr.
56.5%
35A.J. Bouye
56.4%
19Everson Griffen
55.9%
Rank Player % Correct
75Kam Chancellor
55.2%
34DeMarcus Lawrence
55%
86Chris Harris Jr.
55%
95Lane Johnson
54.8%
90Jimmy Garoppolo
54.7%
97Carlos Hyde
54.7%
62Micah Hyde
54.4%
100Ha Ha Clinton-Dix
54.1%
69Fletcher Cox
52.4%
55Xavier Rhodes
51.7%
47Ryan Shazier
50.7%
71Zack Martin
50.7%
57Trent Williams
50.5%
73Thomas Davis Sr.
50.4%
63Geno Atkins
50.3%
92Landon Collins
49%
82Marshon Lattimore
48.6%
74Cameron Wake
45.8%
96Malcolm Jenkins
43.5%
44David DeCastro
40.5%
48Cameron Heyward
37.8%
59Casey Hayward
37.8%
98C.J. Mosley
37.2%
78Taylor Lewan
36.9%
87Andrew Whitworth
34%
66Jurrell Casey
33.9%
80Kevin Byard
30.7%
83Linval Joseph
27.1%
85Bruce Irvin
26.6%
91David Bakhtiari
25.2%
88Yannick Ngakoue
24.9%
93Mike Daniels
24.5%
Remove Ads.
Support Sporcle.
Get the best of Sporcle when you Go Orange. This ad-free experience offers more features, more stats, and more fun while also helping to support Sporcle. Thank you for becoming a member.

You're not logged in!

Compare scores with friends on all Sporcle quizzes.
OR
Log In

Show Comments

Extras

Top Quizzes Today


Score Distribution

Your Account Isn't Verified!

In order to create a playlist on Sporcle, you need to verify the email address you used during registration. Go to your Sporcle Settings to finish the process.

Report this User

Report this user for behavior that violates our Community Guidelines.

Details: